[Event "Berliner Sommer 13th"]
[Site "Berlin"]
[Date "1995.??.??"]
[Round "6"]
[White "Heins, Thomas"]
[Black "Virnik, Elena"]
[Result "0-1"]
[WhiteElo "1660"]
[BlackElo "1900"]
[PlyCount "66"]
[EventDate "1995.08.??"]
[EventType "swiss"]
[EventRounds "9"]
[EventCountry "GER"]
[SourceTitle "CBM 047 Extra"]
[Source "ChessBase"]
[SourceDate "1995.09.01"]
[SourceVersion "1"]
[SourceVersionDate "1995.09.01"]
[SourceQuality "1"]

1. e4 c5 2. Nf3 d6 3. d4 cxd4 4. Nxd4 Nf6 5. Nc3 a6 6. Be2 e6 7. Be3 Qc7 8. 0-0 b5 9. a3 Bb7 10. f3 Be7 11. Qd2 Nbd7 12. g4 Ne5 13. Rae1 0-0 14. g5 Nfd7 15. f4 Nc4 16. Bxc4 Qxc4 17. f5 e5 18. b3 Qc7 19. f6 exd4 20. fxe7 Rfe8 21. Bxd4 Rxe7 22. Rf4 d5 23. Rh4 Rae8 24. Qd1 dxe4 25. Qh5 Nf8 26. Re3 Qd6 27. Ne2 Qg6 28. Nf4 Qxh5 29. Nxh5 Ne6 30. Nf6+ gxf6 31. gxf6 Rd7 32. Rg3+ Kh8 33. Rgh3 Ng5 0-1